LEADER 01151nam0 22002891i 450 001 VAN0042375 005 20221205105649.838 010 $a01-315-1051-7 100 $a20060316d1995 |0itac50 ba 101 $aeng 102 $aUS 105 $a|||| ||||| 200 1 $aUnix system administration handbook$fEvi Nemeth ... [et al.] 205 $a2. ed 210 $aUpper Saddle River, NJ$cPrentice-Hall$d1995 215 $aXXXII, 779 p.$d24 cm$eCD-ROM 500 1$3VAN0249917$aUnix system administration handbook$960351 620 $dUpper saddle river$3VANL000063 702 1$aNemeth$bEvi$3VANV034800 712 $aPrentice Hall$3VANV110738$4650 801 $aIT$bSOL$c20221209$gRICA 856 4 $u/sebina/repository/catalogazione/documenti/docE II 95~00816720221205104038.pdf$zdocE II 95~00816720221205104038.pdf 899 $aBIBLIOTECA DEL DIPARTIMENTO DI INGEGNERIA$1IT-CE0100$2VAN05 912 $aVAN0042375 950 $aBIBLIOTECA DEL DIPARTIMENTO DI INGEGNERIA$d05PREST E II 095 $e05 2282 20060316 996 $aUnix system administration handbook$960351 997 $aUNISOB